000
00254nam a22000977a 4500
008
221031b |||||||| |||| 00| 0 eng d
020
_a
9789355951328
100
_a
Oswaal
_9
7599
245
_a
CBSE OSWAAL ( SOCIAL SCIENCE)-10
260
_a
UP
_b
Oswaal
_c
2022-2023
999
_c
12099
_d
12099